LEADER 01383nam 2200337Ia 450 001 996383605203316 005 20221108090737.0 035 $a(CKB)1000000000581830 035 $a(EEBO)2248526046 035 $a(OCoLC)51784456 035 $a(EXLCZ)991000000000581830 100 $a20030304d1647 uy 0 101 0 $aeng 135 $aurbn||||a|bb| 200 14$aThe humble remonstrance of the Commissioners of the Generall Assembly to the Honourable and high Court of Parliament now assembled$b[electronic resource] $eTogether with the ansvver of the Estates of Parliament to the said remonstrance 210 $aEdinburgh $cPrinted by Evan Tyler ...$d1647 215 $a[2], 14 p 300 $aImperfect: stained, print show-through with loss of text. 300 $aSigned: Alexander Ker. 300 $aReproduction of original in: National Library of Scotland. 330 $aeebo-0097 607 $aScotland$xChurch history$y17th century$vEarly works to 1800 607 $aGreat Britain$xHistory$yCivil War, 1642-1649$vEarly works to 1800 701 $aKer$b A$01001307 712 02$aScotland.$bParliament. 801 0$bEAE 801 1$bEAE 906 $aBOOK 912 $a996383605203316 996 $aThe humble remonstrance of the Commissioners of the Generall Assembly to the Honourable and high Court of Parliament now assembled$92324796 997 $aUNISA